| 000 | 01221cam a22002412a 4500 | ||
|---|---|---|---|
| 999 |
_c86224 _d323501 |
||
| 003 | OSt | ||
| 005 | 20241020153852.0 | ||
| 008 | 090131s2024 su a f m 000 0 eng c | ||
| 040 |
_aMa-Un _bara _cMa-Un |
||
| 043 | _aa-su--- | ||
| 082 | 0 | 4 |
_a613.71 _bA W E _221 |
| 100 | 1 |
_aAl Anazi, Wael Marzouq _9118401 |
|
| 245 | 1 | 0 |
_aEvaluation of physical activity profile among health students of Qassim region : _bA cross sectional study = تقييم نمط النشاط البدني بين طلاب التخصصات الصحية في منطقة القصيم : دراسة مقطعية / _cPrepared by Wael Marzouq Al Anazi ؛ Mohammad Miraj. |
| 246 | 3 | 1 |
_aتقييم نمط النشاط البدني بين طلاب التخصصات الصحية في منطقة القصيم : _bدراسة مقطعية |
| 264 |
_a2024 _c1445 |
||
| 300 |
_a87 sheets : _billustrations ؛ _c30 cm. |
||
| 500 | _aMohammad Miraj. | ||
| 502 | _aThesis (Master) - Al-Majmaah University, College of Applied Medical Sciences, Department of Physical Therapy and Health Rehabilitation, 1445. | ||
| 504 | _aIncludes bibliographical references. | ||
| 650 | 7 |
_aExercise _xHealth aspects _911222 |
|
| 650 | 7 |
_aPhysical Therapy _9118402 |
|
| 942 |
_2ddc _cTHESIS |
||